Personnages principaux dans Artemis Fowl - Statistiques

Statistiques générales
  • Ce quiz a été pris 59 fois
  • Le résultat moyen est 6 sur 10
Statistiques - réponses
Indice Nom du personnage % Correct
Le personnage principal Artemis Fowl Jr
100%
Son majordome Domovoï Butler
98%
Lieutenant des FAR Holly Short
62%
La petite soeur du majordome Juliet Butler
60%
Centaure paranoïaque Foaly
54%
Commandant des FAR Julius Root
54%
Nain voleur Mulch Diggums
50%
Fée alliée des gobelins Opale Koboï
46%
Le père du personnage principal Artemis Fowl Sr
44%
La mère du personnage principal Angeline Fowl
37%
Aucun quiz correspondant
Distribution des résultats
% des personnes avec chaque résultat
Percentile par nombre de réponses
Votre historique - résultats
Vous n’avez pas pris ce quiz